Скорость окисления жирных и ароматических углеводородов и углагалоидоводородов уксусно-хромовым ангидридом; Известия Сибирского Химико-Технологического Института [Известия СХТИ]; № 2

Bibliographic Details
Parent link:Известия Сибирского Химико-Технологического Института [Известия СХТИ]/ Сибирский химико-технологический институт (СХТИ).— , 1931-1934
№ 2.— 1931
Other Authors: Тронов Б. В. Борис Владимирович, Попов П. П., Колотовкина В. Ф., Сталаш П. Х.
Summary:Заглавие с титульного листа
Электронная версия печатной публикации
Language:Russian
Published: 1931
Subjects:
Online Access:Черно-белая версия для предварительного просмотра
Цветная версия без потери качества
Format: Electronic Book Chapter
KOHA link:https://koha.lib.tpu.ru/cgi-bin/koha/opac-detail.pl?biblionumber=181921

MARC

LEADER 00000nla2a2200000 4500
001 181921
005 20231031171150.0
035 |a (RuTPU)RU\TPU\book\197203 
035 |a RU\TPU\book\197199 
090 |a 181921 
100 |a 20100614d1931 k y0rusy50 ca 
101 0 |a rus 
102 |a RU 
135 |a drnn ---uucaa 
181 0 |a i  
182 0 |a b 
200 1 |a Скорость окисления жирных и ароматических углеводородов и углагалоидоводородов уксусно-хромовым ангидридом  |b Электронный ресурс  |f Б. В. Тронов [и др.] 
203 |a Текст  |c электронный 
215 |a 2 файла (263 Кб, 2.7 Мб) 
230 |a Электронные текстовые данные (2 файла : 263 Кб, 2.7 Мб) 
300 |a Заглавие с титульного листа 
300 |a Электронная версия печатной публикации 
337 |a Adobe Reader 
461 1 |0 (RuTPU)RU\TPU\book\197183  |t Известия Сибирского Химико-Технологического Института [Известия СХТИ]  |f Сибирский химико-технологический институт (СХТИ)  |d 1931-1934 
463 1 |0 (RuTPU)RU\TPU\book\197194  |t № 2  |d 1931  |p 140 с. 
610 1 |a электронный ресурс 
610 1 |a труды учёных ТПУ 
701 1 |a Тронов  |b Б. В.  |c российский химик-органик  |c профессор ТТИ-ТПИ  |f 1891-1968  |g Борис Владимирович  |2 stltpush  |3 (RuTPU)RU\TPU\pers\21918 
701 1 |a Попов  |b П. П. 
701 1 |a Колотовкина  |b В. Ф. 
701 1 |a Сталаш  |b П. Х. 
801 1 |a RU  |b 63413507  |c 20090320  |g PSBO 
801 2 |a RU  |b 63413507  |c 20111025  |g PSBO 
856 4 |u http://www.lib.tpu.ru/fulltext/v/Bulletin_TPU/1931/n2/a9_bw.pdf  |z Черно-белая версия для предварительного просмотра 
856 4 |u http://www.lib.tpu.ru/fulltext/v/Bulletin_TPU/1931/n2/a9_full.pdf  |z Цветная версия без потери качества 
942 |c CF